La búsqueda del cero absoluto: el significado de la física de las bajas temperaturas

Furkejuvvon:
Bibliográfalaš dieđut
Váldodahkki: Mendelssohn, Kurt (autor)
Materiálatiipa: Girji
Giella:espánnjágiella
Almmustuhtton: Madrid Guadarrama 1965
Ráidu:Biblioteca para el Hombre Actual
Fáttát:
Fáddágilkorat: Lasit fáddágilkoriid
Eai fáddágilkorat, Lasit vuosttaš fáddágilkora!

MARC

LEADER 00000nam a2200000 a 4500
001 UCT1438
003 CL-VaPUC
008 960927e19650000SP |||||||||||||||||spa|d
082 0 4 |a 536.36  |b MEN  |2 21 
100 |a Mendelssohn, Kurt  |e autor  |9 370333 
245 1 3 |a La búsqueda del cero absoluto: el significado de la física de las bajas temperaturas 
300 |a 255 p 
942 |c BK 
945 |d 19960927 00:00:00  |a paguirre 
260 |a Madrid  |b Guadarrama  |c 1965 
650 0 |a Física   |9 227844 
650 7 |a TEMPERATURA  |2 CL-VaPUC  |9 370334 
650 7 |a TEMPERATURAS BAJAS  |2 CL-VaPUC  |9 370335 
650 0 |a Estados de la Materia  |9 347141 
650 7 |a ENFRIAMIENTO  |2 CL-VaPUC  |9 363841 
583 |a last modification  |c 19960927 00:00:00  |k Rodrigo Vera 
490 0 |a Biblioteca para el Hombre Actual 
999 |c 251964  |d 251962 
952 |0 0  |1 0  |4 0  |6 536_360000000000000_MEN_1965  |7 0  |8 A  |9 271516  |a BIBCUR  |b BIBCUR  |d 2019-11-19  |i 1746804  |o 536.36 MEN 1965  |p 1746804  |r 2025-04-22  |w 2019-11-19  |y BK  |k BCB